LEADER 01016nam0 2200313 450 001 9910257060003321 005 20190521091657.0 010 $a9783836517836 100 $a20180219d2009----km y0itay50 ba 101 1 $aita$cger 102 $aIT 105 $a 001yy 200 1 $aHerbarium amoris$ela vita amorosa delle piante$fEdvard Koinberg$gtesti di Henning Mankell e Tore Frängsmyr 210 $aKöln$cTaschen$dc2009 215 $a280 p.$cill., fotogr. color.$d32 cm 300 $aIl volume segue la struttura del calendario floreale di Linneo (Calendarium Florae), pubblicato nel 1759 610 0 $aFiori 610 0 $aFotografia artistica 676 $a580.222$v23$zita 700 1$aKoinberg,$bEdvard$0749541 702 1$aMankell,$bHenning 702 1$aFrängsmyr,$bTore 801 0$aIT$bUNINA$gREICAT$2UNIMARC 901 $aBK 912 $a9910257060003321 952 $a60 FM 580.222 KOIE 2009$b276/2107$fFAGBC 959 $aFAGBC 996 $aHerbarium amoris$91508944 997 $aUNINA LEADER 01301nam a2200337 i 4500 001 991001234389707536 005 20020507185727.0 008 960905s1972 de ||| | eng 020 $a3540059083 035 $ab10819393-39ule_inst 035 $aLE01309113$9ExL 040 $aDip.to Matematica$beng 082 0 $a519.2 084 $aAMS 60F05 100 1 $aParthasarathy, K. R.$0441298 245 10$aPositive definite kernels, continuous tensor products, and central limit theorems of probability theory /$cK. R. Parthasarathy, K. Schmidt 260 $aBerlin :$bSpringer-Verlag,$c1972 300 $avi, 107 p. 26 cm 490 0 $aLecture notes in mathematics,$x0075-8434 ;$v272 500 $aBibliography: p. [105]-107 650 0$aKernel functions 650 0$aLimit theorems 650 0$aRepresentations of groups 650 0$aTensor products 700 1 $aSchmidt, Klaus D. 907 $a.b10819393$b23-02-17$c28-06-02 912 $a991001234389707536 945 $aLE013 60F PAR11 (1972)$g1$i2013000058672$lle013$o-$pE0.00$q-$rl$s- $t0$u0$v0$w0$x0$y.i10926215$z28-06-02 996 $aPositive definite kernels, continuous tensor products, and central limit theorems of probability theory$9262749 997 $aUNISALENTO 998 $ale013$b01-01-96$cm$da $e-$feng$gde $h0$i1 LEADER 01612nam 2200373z- 450 001 9910694120703321 005 20070328084253.0 035 $a(CKB)5860000000026966 035 $a(BIP)014058466 035 $a(EXLCZ)995860000000026966 100 $a20220406c2006uuuu -u- - 101 0 $aeng 200 10$aInternet data brokers $ewho has access to your private records? : hearings before the Subcommittee on Oversight and Investigations of the Committee on Energy and Commerce, House of Representatives, One Hundred Ninth Congress, second session, June 21, June 22, and September 29, 2006 215 $a1 online resource (iii, 1451 p.) 311 $a0-16-077961-8 517 $aInternet data brokers 606 $aInfomediaries$xCorrupt practices$zUnited States 606 $aConsumers$xInformation services$xCorrupt practices$zUnited States 606 $aTelephone companies$xRecords and correspondence$xAccess control$zUnited States 606 $aPrivacy, Right of$zUnited States 610 $aConsumers 610 $aPrivacy, right of 610 $aBusiness records 610 $aBusiness & economics 610 $aLaw 615 0$aInfomediaries$xCorrupt practices 615 0$aConsumers$xInformation services$xCorrupt practices 615 0$aTelephone companies$xRecords and correspondence$xAccess control 615 0$aPrivacy, Right of 712 02$aUnited States, Congress House Committee on Energy and Commerce Subcommittee on Oversight and Investigations Staff,$4oth 906 $aBOOK 912 $a9910694120703321 996 $aInternet data brokers$93131310 997 $aUNINA